[Event "TeamRussiamenrapid"]
[Site "?"]
[Date "2016.10.06"]
[Round "8.17"]
[White "Potapov, Pavel"]
[Black "Rakhmanov, Aleksandr"]
[Result "1/2-1/2"]
[LiveChessVersion "1.4.4"]
[BlackElo "2528"]
[WhiteElo "2503"]

1. e4 {[%clk 0:15:19]} d5 {[%clk 0:15:16]} 2. exd5 {[%clk 0:15:23]} Qxd5
{[%clk 0:15:25]} 3. Nc3 {[%clk 0:15:27]} Qd6 {[%clk 0:15:34]} 4. d4
{[%clk 0:15:31]} Nf6 {[%clk 0:15:41]} 5. Nf3 {[%clk 0:15:38]} g6 {[%clk 0:15:48]}
6. Nb5 {[%clk 0:15:36]} Qb6 {[%clk 0:15:57]} 7. Na3 {[%clk 0:15:22]} c6
{[%clk 0:15:39]} 8. Nc4 {[%clk 0:15:23]} Qc7 {[%clk 0:15:47]} 9. Nce5
{[%clk 0:15:20]} Nbd7 {[%clk 0:15:55]} 10. Bc4 {[%clk 0:14:36]} Nxe5
{[%clk 0:15:55]} 11. Nxe5 {[%clk 0:14:40]} Nd5 {[%clk 0:16:02]} 12. O-O
{[%clk 0:14:22]} Bg7 {[%clk 0:16:08]} 13. Re1 {[%clk 0:14:19]} O-O
{[%clk 0:16:15]} 14. Qf3 {[%clk 0:13:42]} Be6 {[%clk 0:16:11]} 15. Bb3
{[%clk 0:13:14]} a5 {[%clk 0:15:21]} 16. Qg3 {[%clk 0:11:45]} Rfc8
{[%clk 0:14:01]} 17. c3 {[%clk 0:10:15]} a4 {[%clk 0:13:51]} 18. Bxd5
{[%clk 0:08:54]} cxd5 {[%clk 0:12:08]} 19. a3 {[%clk 0:08:10]} Bf5
{[%clk 0:11:51]} 20. Bf4 {[%clk 0:07:41]} Qb6 {[%clk 0:11:47]} 21. Re2
{[%clk 0:07:29]} Re8 {[%clk 0:07:39]} 22. Rae1 {[%clk 0:07:23]} Qb5
{[%clk 0:07:26]} 23. h4 {[%clk 0:06:43]} f6 {[%clk 0:06:20]} 24. Ng4
{[%clk 0:05:54]} Qd7 {[%clk 0:06:27]} 25. Nh6+ {[%clk 0:05:25]} Bxh6
{[%clk 0:06:21]} 26. Bxh6 {[%clk 0:05:33]} Kf7 {[%clk 0:05:52]} 27. Bc1
{[%clk 0:05:21]} 1/2-1/2

[Event "TeamRussiamenrapid"]
[Site "?"]
[Date "2016.10.06"]
[Round "8.18"]
[White "Rozum, Ivan"]
[Black "Belyakov, Bogdan"]
[Result "1-0"]
[LiveChessVersion "1.4.4"]
[BlackElo "2440"]
[WhiteElo "2608"]

1. Nf3 {[%clk 0:15:18]} Nf6 {[%clk 0:15:15]} 2. g3 {[%clk 0:15:27]} g6
{[%clk 0:15:22]} 3. b3 {[%clk 0:15:36]} Bg7 {[%clk 0:15:29]} 4. Bb2
{[%clk 0:15:45]} c5 {[%clk 0:15:36]} 5. c4 {[%clk 0:15:53]} Nc6 {[%clk 0:15:43]}
6. Bg2 {[%clk 0:16:00]} d6 {[%clk 0:15:28]} 7. d4 {[%clk 0:15:49]} Qa5+
{[%clk 0:14:36]} 8. Bc3 {[%clk 0:15:32]} Qb6 {[%clk 0:14:42]} 9. d5
{[%clk 0:15:21]} Nb8 {[%clk 0:14:14]} 10. O-O {[%clk 0:14:59]} O-O
{[%clk 0:14:19]} 11. Nbd2 {[%clk 0:14:59]} e5 {[%clk 0:13:13]} 12. dxe6
{[%clk 0:14:40]} Bxe6 {[%clk 0:13:21]} 13. Qc2 {[%clk 0:14:34]} Nc6
{[%clk 0:13:00]} 14. Qb2 {[%clk 0:14:35]} Ne8 {[%clk 0:11:52]} 15. Bxg7
{[%clk 0:14:42]} Nxg7 {[%clk 0:12:00]} 16. Ne4 {[%clk 0:14:47]} Ne8
{[%clk 0:11:20]} 17. Qd2 {[%clk 0:11:00]} Rd8 {[%clk 0:11:02]} 18. Nc3
{[%clk 0:10:39]} f6 {[%clk 0:10:27]} 19. Nd5 {[%clk 0:10:04]} Bxd5
{[%clk 0:10:26]} 20. Qxd5+ {[%clk 0:10:11]} Kg7 {[%clk 0:10:32]} 21. Qd2
{[%clk 0:09:31]} Ne5 {[%clk 0:10:00]} 22. Rad1 {[%clk 0:09:22]} Nxf3+
{[%clk 0:09:55]} 23. Bxf3 {[%clk 0:08:58]} Rf7 {[%clk 0:09:56]} 24. Qb2
{[%clk 0:08:48]} Re7 {[%clk 0:10:00]} 25. Rd2 {[%clk 0:08:53]} Nc7
{[%clk 0:09:41]} 26. Rfd1 {[%clk 0:08:56]} Ne6 {[%clk 0:09:48]} 27. e3
{[%clk 0:09:02]} Ng5 {[%clk 0:09:49]} 28. Bg2 {[%clk 0:09:07]} h5
{[%clk 0:09:28]} 29. Qc2 {[%clk 0:08:18]} Qc7 {[%clk 0:08:55]} 30. Rd5
{[%clk 0:07:57]} b6 {[%clk 0:07:29]} 31. h4 {[%clk 0:07:55]} Nf7 {[%clk 0:07:32]}
32. Be4 {[%clk 0:08:03]} f5 {[%clk 0:07:15]} 33. Bg2 {[%clk 0:08:02]} Re5
{[%clk 0:07:20]} 34. e4 {[%clk 0:07:53]} Rxd5 {[%clk 0:05:52]} 35. Rxd5
{[%clk 0:08:02]} fxe4 {[%clk 0:04:52]} 36. Bxe4 {[%clk 0:08:09]} Nh8
{[%clk 0:05:01]} 37. Qc3+ {[%clk 0:07:41]} Kg8 {[%clk 0:04:42]} 38. Qf6
{[%clk 0:06:01]} Rf8 {[%clk 0:04:51]} 39. Qxd6 {[%clk 0:05:55]} Qxd6
{[%clk 0:03:56]} 40. Rxd6 {[%clk 0:06:04]} Kg7 {[%clk 0:04:00]} 41. Bd5
{[%clk 0:06:10]} Nf7 {[%clk 0:03:45]} 42. Rd7 {[%clk 0:06:15]} Kf6
{[%clk 0:03:54]} 43. Rxa7 {[%clk 0:04:39]} Nd6 {[%clk 0:03:43]} 44. Rd7
{[%clk 0:04:39]} Ke5 {[%clk 0:03:49]} 45. f4+ {[%clk 0:04:46]} 1-0

[Event "TeamRussiamenrapid"]
[Site "?"]
[Date "2016.10.06"]
[Round "8.19"]
[White "Savitskiy, Sergey"]
[Black "Moiseenko, Vadim"]
[Result "1/2-1/2"]
[LiveChessVersion "1.4.4"]
[BlackElo "2463"]
[WhiteElo "2401"]

1. e4 {[%clk 0:15:19]} e5 {[%clk 0:15:18]} 2. Nf3 {[%clk 0:15:25]} Nc6
{[%clk 0:15:27]} 3. Bc4 {[%clk 0:15:33]} Nf6 {[%clk 0:15:35]} 4. d3
{[%clk 0:15:42]} d5 {[%clk 0:15:44]} 5. exd5 {[%clk 0:15:42]} Nxd5
{[%clk 0:15:53]} 6. O-O {[%clk 0:15:50]} Bc5 {[%clk 0:16:01]} 7. Re1
{[%clk 0:14:58]} O-O {[%clk 0:16:10]} 8. Nxe5 {[%clk 0:13:41]} Qf6
{[%clk 0:15:10]} 9. Nf3 {[%clk 0:12:44]} Nb6 {[%clk 0:15:15]} 10. Nbd2
{[%clk 0:11:56]} Nxc4 {[%clk 0:13:10]} 11. Ne4 {[%clk 0:11:08]} Qf5
{[%clk 0:11:58]} 12. dxc4 {[%clk 0:10:44]} Be6 {[%clk 0:09:43]} 13. Nxc5
{[%clk 0:10:07]} Qxc5 {[%clk 0:09:52]} 14. b3 {[%clk 0:10:16]} Bg4
{[%clk 0:08:58]} 15. Be3 {[%clk 0:09:04]} Qf5 {[%clk 0:07:40]} 16. h3
{[%clk 0:08:31]} Bxf3 17. Qxf3 {[%clk 0:08:40]} Qxc2 {[%clk 0:06:44]} 18. Re2
{[%clk 0:07:58]} Qg6 {[%clk 0:06:28]} 19. Rd1 {[%clk 0:07:42]} h6
{[%clk 0:04:48]} 20. Red2 {[%clk 0:07:31]} Rfe8 {[%clk 0:03:28]} 21. Bf4
{[%clk 0:07:36]} Rac8 {[%clk 0:03:23]} 22. Rd7 {[%clk 0:07:22]} Qf5
{[%clk 0:02:13]} 23. Bxc7 {[%clk 0:06:01]} Qxf3 {[%clk 0:02:21]} 24. gxf3
{[%clk 0:06:10]} Re2 {[%clk 0:02:28]} 25. Bg3 {[%clk 0:06:14]} b6
{[%clk 0:02:24]} 26. R7d2 {[%clk 0:06:02]} Re6 {[%clk 0:02:19]} 27. Rd6
{[%clk 0:05:54]} Re2 {[%clk 0:02:26]} 28. R1d2 {[%clk 0:06:03]} Re1+
{[%clk 0:02:32]} 29. Kg2 {[%clk 0:06:13]} Re7 {[%clk 0:00:51]} 30. Rd7
{[%clk 0:06:09]} Re6 {[%clk 0:01:00]} 31. Rc7 {[%clk 0:04:41]} Rxc7
{[%clk 0:01:04]} 32. Bxc7 {[%clk 0:04:49]} Kf8 {[%clk 0:01:11]} 33. b4
{[%clk 0:03:06]} Ke7 {[%clk 0:01:10]} 34. b5 {[%clk 0:02:29]} Ne5
{[%clk 0:01:04]} 35. Rc2 {[%clk 0:00:36]} Rg6+ {[%clk 0:00:58]} 36. Kf1
{[%clk 0:00:45]} Nxf3 {[%clk 0:01:07]} 37. Bg3 {[%clk 0:00:29]} Re6
{[%clk 0:00:14]} 38. Rc3 {[%clk 0:00:19]} Nd2+ {[%clk 0:00:17]} 39. Kg2
{[%clk 0:00:26]} Kf6 {[%clk 0:00:19]} 40. c5 {[%clk 0:00:16]} bxc5
{[%clk 0:00:24]} 41. Rxc5 {[%clk 0:00:25]} Ne4 {[%clk 0:00:24]} 42. Rc7
{[%clk 0:00:15]} a6 {[%clk 0:00:32]} 43. a4 {[%clk 0:00:14]} axb5
{[%clk 0:00:39]} 44. axb5 {[%clk 0:00:24]} Rb6 {[%clk 0:00:16]} 45. Rc4
{[%clk 0:00:14]} Nxg3 46. fxg3 {[%clk 0:00:23]} Rxb5 {[%clk 0:00:28]} 47. h4
{[%clk 0:00:32]} Kg6 {[%clk 0:00:30]} 48. Rc3 {[%clk 0:00:33]} f5
{[%clk 0:00:38]} 49. Kf3 {[%clk 0:00:40]} Kh5 {[%clk 0:00:47]} 50. Rd3
{[%clk 0:00:41]} g6 {[%clk 0:00:53]} 51. Rc3 {[%clk 0:00:45]} Rb4
{[%clk 0:01:02]} 52. Rd3 {[%clk 0:00:47]} Rg4 {[%clk 0:01:11]} 53. Rd5
{[%clk 0:00:49]} Ra4 {[%clk 0:01:20]} 54. Rd3 {[%clk 0:00:58]} Ra1
{[%clk 0:00:58]} 55. Rc3 {[%clk 0:01:05]} Rf1+ {[%clk 0:00:34]} 56. Kg2
{[%clk 0:01:06]} Ra1 {[%clk 0:00:43]} 57. Kf3 {[%clk 0:01:15]} Ra2
{[%clk 0:00:50]} 58. Rd3 {[%clk 0:01:01]} g5 {[%clk 0:00:58]} 59. hxg5
{[%clk 0:00:57]} hxg5 {[%clk 0:01:07]} 60. Rd5 {[%clk 0:00:34]} g4+
{[%clk 0:01:14]} 61. Ke3 {[%clk 0:00:18]} Kg5 {[%clk 0:01:22]} 62. Rd8
{[%clk 0:00:16]} Rg2 {[%clk 0:01:30]} 63. Rg8+ {[%clk 0:00:25]} Kf6
{[%clk 0:01:39]} 64. Rf8+ {[%clk 0:00:20]} Ke6 {[%clk 0:01:48]} 65. Kf4
{[%clk 0:00:14]} Rf2+ {[%clk 0:01:57]} 66. Kg5 {[%clk 0:00:23]} Rf3
{[%clk 0:02:06]} 67. Re8+ {[%clk 0:00:24]} Kd5 {[%clk 0:02:03]} 68. Rf8
{[%clk 0:00:18]} Ke4 {[%clk 0:02:11]} 69. Re8+ {[%clk 0:00:27]} Kd4
{[%clk 0:02:18]} 70. Rf8 {[%clk 0:00:36]} Ke3 {[%clk 0:02:26]} 71. Kh4
{[%clk 0:00:15]} f4 {[%clk 0:02:29]} 72. gxf4 {[%clk 0:00:16]} g3
{[%clk 0:02:37]} 73. Rg8 {[%clk 0:00:15]} Kf2 {[%clk 0:02:44]} 74. Kh3
{[%clk 0:00:15]} Ra3 {[%clk 0:02:28]} 75. f5 {[%clk 0:00:16]} Ra7
{[%clk 0:02:37]} 76. Rxg3 {[%clk 0:00:21]} Rh7+ {[%clk 0:02:46]} 77. Kg4
{[%clk 0:00:30]} Rg7+ {[%clk 0:02:56]} 78. Kf4 {[%clk 0:00:40]} Rxg3
{[%clk 0:03:05]} 79. f6 {[%clk 0:00:49]} Rf3+ {[%clk 0:03:13]} 80. Ke5
{[%clk 0:00:42]} Kg3 {[%clk 0:03:20]} 81. Ke6 {[%clk 0:00:50]} Kg4
{[%clk 0:03:30]} 82. f7 {[%clk 0:00:59]} Kg5 83. Ke7 Kg6 {[%clk 0:03:47]} 84.
f8=Q {[%clk 0:01:16]} Rxf8 {[%clk 0:03:56]} 85. Kxf8 {[%clk 0:01:25]} 1/2-1/2

[Event "TeamRussiamenrapid"]
[Site "?"]
[Date "2016.10.06"]
[Round "8.20"]
[White "Gochelashvili, David"]
[Black "Sergeyev, Alexander"]
[Result "1-0"]
[LiveChessVersion "1.4.4"]
[BlackElo "2394"]
[WhiteElo "2445"]

1. d4 {[%clk 0:15:19]} d5 {[%clk 0:15:17]} 2. Bf4 {[%clk 0:15:28]} Nf6
{[%clk 0:14:59]} 3. e3 {[%clk 0:15:36]} e6 {[%clk 0:15:06]} 4. Nf3
{[%clk 0:15:31]} Be7 {[%clk 0:14:41]} 5. Nbd2 {[%clk 0:14:40]} c5
{[%clk 0:14:01]} 6. c3 {[%clk 0:14:35]} Nc6 {[%clk 0:14:03]} 7. Bd3
{[%clk 0:14:25]} Qb6 {[%clk 0:13:15]} 8. Qb1 {[%clk 0:14:11]} Bd7
{[%clk 0:13:02]} 9. O-O {[%clk 0:12:34]} cxd4 {[%clk 0:12:57]} 10. exd4
{[%clk 0:12:38]} Na5 {[%clk 0:12:47]} 11. Re1 {[%clk 0:11:28]} Bb5
{[%clk 0:12:21]} 12. Bc2 {[%clk 0:10:50]} Nc4 {[%clk 0:11:56]} 13. Nxc4
{[%clk 0:10:04]} Bxc4 {[%clk 0:11:21]} 14. Ne5 {[%clk 0:09:32]} Bb5
{[%clk 0:10:21]} 15. a4 {[%clk 0:09:15]} Bc6 {[%clk 0:09:26]} 16. a5
{[%clk 0:08:54]} Qa6 {[%clk 0:09:02]} 17. Nxc6 {[%clk 0:05:33]} bxc6
{[%clk 0:09:09]} 18. Bd3 {[%clk 0:05:41]} Qc8 {[%clk 0:09:14]} 19. b4
{[%clk 0:05:49]} O-O {[%clk 0:08:59]} 20. Re3 {[%clk 0:05:33]} Re8
{[%clk 0:08:10]} 21. Rh3 {[%clk 0:05:19]} g6 {[%clk 0:08:15]} 22. Qc1
{[%clk 0:04:36]} Bf8 {[%clk 0:08:09]} 23. Qe3 {[%clk 0:03:47]} Bg7
{[%clk 0:08:04]} 24. Re1 {[%clk 0:03:48]} Ng4 {[%clk 0:06:40]} 25. Qd2
{[%clk 0:02:54]} e5 {[%clk 0:06:03]} 26. dxe5 {[%clk 0:03:02]} Nxe5
{[%clk 0:05:57]} 27. Bxe5 {[%clk 0:02:35]} Rxe5 {[%clk 0:05:30]} 28. Rxe5
{[%clk 0:02:43]} Bxe5 {[%clk 0:05:34]} 29. Qh6 {[%clk 0:02:52]} Qg4
{[%clk 0:05:01]} 30. Qxh7+ {[%clk 0:02:55]} Kf8 {[%clk 0:05:10]} 31. Rf3
{[%clk 0:03:03]} f5 {[%clk 0:02:40]} 32. Bxf5 {[%clk 0:03:08]} gxf5
{[%clk 0:02:05]} 33. Rxf5+ {[%clk 0:03:15]} Ke8 {[%clk 0:02:12]} 34. Rxe5+
{[%clk 0:03:22]} Kd8 {[%clk 0:02:21]} 35. Qe7+ {[%clk 0:02:52]} Kc8
{[%clk 0:02:28]} 36. h3 {[%clk 0:02:46]} 1-0

[Event "TeamRussiamenrapid"]
[Site "?"]
[Date "2016.10.06"]
[Round "9.1"]
[White "Dubov, Daniil"]
[Black "Alekseev, Evgeny"]
[Result "1/2-1/2"]
[LiveChessVersion "1.4.4"]
[BlackElo "2688"]
[WhiteElo "2690"]

1. d4 {[%clk 0:15:18]} d5 {[%clk 0:15:17]} 2. c4 {[%clk 0:15:27]} e6
{[%clk 0:15:26]} 3. Nf3 {[%clk 0:15:36]} Nf6 {[%clk 0:15:34]} 4. g3
{[%clk 0:15:44]} Bb4+ {[%clk 0:15:42]} 5. Nbd2 {[%clk 0:15:46]} O-O
{[%clk 0:14:57]} 6. Bg2 {[%clk 0:15:55]} b6 {[%clk 0:14:58]} 7. O-O
{[%clk 0:15:59]} Bb7 {[%clk 0:15:04]} 8. cxd5 {[%clk 0:16:07]} exd5
{[%clk 0:15:09]} 9. Ne5 {[%clk 0:16:15]} Re8 {[%clk 0:15:01]} 10. Ndf3
{[%clk 0:16:21]} Ne4 {[%clk 0:15:00]} 11. Bf4 {[%clk 0:16:18]} Bf8
{[%clk 0:14:46]} 12. Rc1 {[%clk 0:16:13]} c5 {[%clk 0:14:13]} 13. dxc5
{[%clk 0:15:37]} bxc5 {[%clk 0:14:17]} 14. Nd2 {[%clk 0:15:07]} Nf6
{[%clk 0:12:31]} 15. Qb3 {[%clk 0:12:49]} Qb6 {[%clk 0:08:57]} 16. Ndc4
{[%clk 0:10:25]} Qxb3 {[%clk 0:09:03]} 17. axb3 {[%clk 0:10:33]} Nc6
{[%clk 0:08:20]} 18. Nxc6 {[%clk 0:10:09]} Bxc6 {[%clk 0:08:29]} 19. Ne3
{[%clk 0:09:49]} Rac8 {[%clk 0:06:41]} 20. Bh3 {[%clk 0:07:39]} Rcd8
{[%clk 0:05:41]} 21. Rfe1 {[%clk 0:07:02]} d4 {[%clk 0:05:13]} 22. Nc4
{[%clk 0:07:11]} Nd5 {[%clk 0:05:09]} 23. Bd2 {[%clk 0:07:19]} Bd7
{[%clk 0:03:52]} 24. Bg2 {[%clk 0:06:53]} Be6 {[%clk 0:03:56]} 25. Ra1
{[%clk 0:06:38]} Rb8 {[%clk 0:04:02]} 26. Na5 {[%clk 0:05:26]} g6
{[%clk 0:03:02]} 27. Rec1 {[%clk 0:05:04]} Rb6 {[%clk 0:02:59]} 28. Bf3
{[%clk 0:03:52]} h5 {[%clk 0:02:45]} 29. Kg2 {[%clk 0:03:28]} Reb8
{[%clk 0:02:53]} 30. b4 {[%clk 0:03:30]} Nxb4 {[%clk 0:02:16]} 31. Bxb4
{[%clk 0:03:38]} Rxb4 {[%clk 0:01:27]} 32. Nc6 {[%clk 0:03:46]} Rxb2
{[%clk 0:01:35]} 33. Nxb8 {[%clk 0:03:53]} Rxb8 {[%clk 0:01:43]} 34. Rxa7
{[%clk 0:03:48]} c4 {[%clk 0:01:41]} 35. Ra4 {[%clk 0:02:46]} Bg7
{[%clk 0:01:26]} 36. Raxc4 {[%clk 0:02:42]} Bxc4 {[%clk 0:01:34]} 37. Rxc4
{[%clk 0:02:50]} Bf6 {[%clk 0:01:36]} 38. Rc7 {[%clk 0:02:52]} Re8
{[%clk 0:01:43]} 39. Bd5 {[%clk 0:03:00]} Re7 {[%clk 0:01:51]} 40. Rc8+
{[%clk 0:03:09]} Kg7 {[%clk 0:02:00]} 41. Bc4 {[%clk 0:03:18]} Be5
{[%clk 0:01:54]} 42. Bd3 {[%clk 0:03:21]} Rc7 {[%clk 0:01:59]} 43. Rd8
{[%clk 0:03:25]} Bf6 {[%clk 0:02:07]} 44. Rd5 {[%clk 0:03:34]} Re7
{[%clk 0:02:11]} 45. f4 {[%clk 0:03:42]} Re3 {[%clk 0:02:06]} 46. h3
{[%clk 0:03:37]} h4 {[%clk 0:01:35]} 47. gxh4 {[%clk 0:02:58]} Bxh4
{[%clk 0:01:38]} 48. Rxd4 {[%clk 0:03:06]} f5 {[%clk 0:01:26]} 49. Rd7+
{[%clk 0:02:59]} Re7 {[%clk 0:01:31]} 50. Rd6 {[%clk 0:03:05]} Re3
{[%clk 0:01:40]} 51. Rc6 {[%clk 0:02:49]} Rg3+ {[%clk 0:01:39]} 52. Kh2
{[%clk 0:02:56]} Re3 {[%clk 0:01:46]} 53. Rc4 {[%clk 0:02:57]} Kf6
{[%clk 0:01:44]} 54. Rc6+ {[%clk 0:02:07]} Ke5 1/2-1/2

[Event "TeamRussiamenrapid"]
[Site "?"]
[Date "2016.10.06"]
[Round "9.2"]
[White "Romanov, Evgeny"]
[Black "Morozevich, Alexander"]
[Result "0-1"]
[LiveChessVersion "1.4.4"]
[BlackElo "2716"]
[WhiteElo "2621"]

1. d4 {[%clk 0:15:18]} Nf6 {[%clk 0:13:51]} 2. Bg5 {[%clk 0:15:13]} d5
{[%clk 0:13:58]} 3. Nd2 {[%clk 0:15:20]} c5 {[%clk 0:13:50]} 4. e3
{[%clk 0:15:13]} Qb6 {[%clk 0:12:50]} 5. dxc5 {[%clk 0:15:18]} Qxb2
{[%clk 0:12:38]} 6. Rb1 {[%clk 0:14:19]} Qc3 {[%clk 0:11:59]} 7. Ngf3
{[%clk 0:14:12]} e6 {[%clk 0:09:19]} 8. Bb5+ {[%clk 0:14:03]} Nc6
{[%clk 0:09:05]} 9. O-O {[%clk 0:13:41]} Bd7 {[%clk 0:08:37]} 10. Rb3
{[%clk 0:11:24]} Qxc5 {[%clk 0:08:41]} 11. c4 {[%clk 0:09:57]} Be7
{[%clk 0:08:34]} 12. cxd5 {[%clk 0:09:30]} exd5 {[%clk 0:08:33]} 13. Qb1
{[%clk 0:08:52]} O-O {[%clk 0:05:03]} 14. Rc1 {[%clk 0:08:59]} Qd6
{[%clk 0:05:12]} 15. Bf4 {[%clk 0:09:00]} Qe6 {[%clk 0:05:21]} 16. Ng5
{[%clk 0:03:25]} Qg4 {[%clk 0:05:25]} 17. Bd3 {[%clk 0:03:32]} Na5
{[%clk 0:02:16]} 18. Bxh7+ {[%clk 0:01:25]} Kh8 {[%clk 0:02:25]} 19. Ndf3
{[%clk 0:01:07]} Nxb3 {[%clk 0:01:41]} 20. Ne5 {[%clk 0:00:44]} Qh5
{[%clk 0:01:50]} 21. Nexf7+ {[%clk 0:00:32]} Rxf7 {[%clk 0:01:41]} 22. Bg6
{[%clk 0:00:40]} Qxg5 {[%clk 0:00:19]} 23. Bxg5 {[%clk 0:00:47]} Nxc1
{[%clk 0:00:28]} 24. Bxf7 {[%clk 0:00:28]} Ne2+ {[%clk 0:00:25]} 25. Kf1
{[%clk 0:00:31]} Nc3 {[%clk 0:00:31]} 26. Qg6 {[%clk 0:00:14]} Nce4 0-1

[Event "TeamRussiamenrapid"]
[Site "?"]
[Date "2016.10.06"]
[Round "9.3"]
[White "Dreev, Aleksey"]
[Black "Levin, Evgeny A."]
[Result "1-0"]
[LiveChessVersion "1.4.4"]
[BlackElo "2585"]
[WhiteElo "2690"]

1. e4 {[%clk 0:15:17]} d5 {[%clk 0:15:03]} 2. exd5 {[%clk 0:15:23]} Qxd5
{[%clk 0:15:12]} 3. Nc3 {[%clk 0:15:32]} Qd8 {[%clk 0:15:21]} 4. d4
{[%clk 0:15:38]} c6 {[%clk 0:15:29]} 5. Bc4 {[%clk 0:15:37]} Bf5 {[%clk 0:15:37]}
6. Nf3 {[%clk 0:15:41]} e6 {[%clk 0:15:46]} 7. h3 {[%clk 0:15:22]} Nd7
{[%clk 0:15:44]} 8. Bf4 {[%clk 0:15:08]} Ngf6 {[%clk 0:15:50]} 9. Nh4
{[%clk 0:14:38]} Bg6 {[%clk 0:15:52]} 10. Nxg6 {[%clk 0:14:46]} hxg6
{[%clk 0:16:01]} 11. O-O {[%clk 0:14:11]} Nb6 {[%clk 0:15:58]} 12. Bb3
{[%clk 0:14:05]} Bd6 {[%clk 0:15:47]} 13. Qf3 {[%clk 0:13:55]} Bxf4
{[%clk 0:15:28]} 14. Qxf4 {[%clk 0:14:04]} Nbd5 {[%clk 0:14:35]} 15. Nxd5
{[%clk 0:14:08]} Nxd5 {[%clk 0:14:43]} 16. Qf3 {[%clk 0:14:01]} O-O
{[%clk 0:14:50]} 17. c3 {[%clk 0:14:09]} Qc7 {[%clk 0:14:23]} 18. g3
{[%clk 0:14:13]} Rfd8 {[%clk 0:14:22]} 19. Rad1 {[%clk 0:14:17]} Rd6
{[%clk 0:14:08]} 20. Rfe1 {[%clk 0:12:55]} Rad8 {[%clk 0:14:04]} 21. Re5
{[%clk 0:12:56]} Nf6 {[%clk 0:13:59]} 22. Rde1 {[%clk 0:12:26]} Nd7
{[%clk 0:14:02]} 23. R5e2 {[%clk 0:12:29]} Nf6 {[%clk 0:13:45]} 24. h4
{[%clk 0:12:05]} Qa5 {[%clk 0:12:39]} 25. Re5 {[%clk 0:12:07]} Qc7
{[%clk 0:12:38]} 26. Qf4 {[%clk 0:11:39]} Nh5 {[%clk 0:11:55]} 27. Qf3
{[%clk 0:10:03]} Nf6 {[%clk 0:12:03]} 28. Kg2 {[%clk 0:10:11]} Nd7
{[%clk 0:11:21]} 29. Rg5 {[%clk 0:09:38]} Nf6 {[%clk 0:10:55]} 30. Rh1
{[%clk 0:06:54]} Kf8 {[%clk 0:06:58]} 31. Re5 {[%clk 0:06:20]} Ke7
{[%clk 0:06:43]} 32. Rhe1 {[%clk 0:06:22]} Kf8 {[%clk 0:06:00]} 33. g4
{[%clk 0:06:30]} R8d7 {[%clk 0:03:00]} 34. g5 {[%clk 0:06:06]} Nd5
{[%clk 0:01:56]} 35. Bxd5 {[%clk 0:06:04]} Rxd5 {[%clk 0:01:26]} 36. Rxe6
{[%clk 0:06:12]} Kg8 {[%clk 0:01:34]} 37. Re8+ {[%clk 0:06:00]} Kh7
{[%clk 0:01:43]} 38. Rf8 {[%clk 0:05:52]} 1-0

[Event "TeamRussiamenrapid"]
[Site "?"]
[Date "2016.10.06"]
[Round "9.4"]
[White "Usmanov, Vasily"]
[Black "Popov, Ivan"]
[Result "0-1"]
[LiveChessVersion "1.4.4"]
[BlackElo "2695"]
[WhiteElo "2443"]

1. c4 {[%clk 0:15:17]} c6 {[%clk 0:15:11]} 2. e4 {[%clk 0:15:23]} d5
{[%clk 0:15:17]} 3. cxd5 {[%clk 0:15:18]} cxd5 {[%clk 0:15:25]} 4. exd5
{[%clk 0:15:25]} Nf6 {[%clk 0:15:34]} 5. Qa4+ {[%clk 0:15:32]} Nbd7
{[%clk 0:15:40]} 6. Bc4 {[%clk 0:15:19]} g6 {[%clk 0:15:36]} 7. Nc3
{[%clk 0:15:27]} Bg7 {[%clk 0:15:40]} 8. Nf3 {[%clk 0:15:29]} O-O
{[%clk 0:15:45]} 9. d3 {[%clk 0:15:36]} a6 {[%clk 0:15:27]} 10. Qa3
{[%clk 0:15:44]} Ng4 {[%clk 0:14:44]} 11. O-O {[%clk 0:15:38]} Nde5
{[%clk 0:14:45]} 12. Nxe5 {[%clk 0:14:24]} Nxe5 {[%clk 0:14:50]} 13. Bg5
{[%clk 0:14:13]} Re8 {[%clk 0:14:40]} 14. Bb3 {[%clk 0:13:00]} h6
{[%clk 0:12:43]} 15. Bh4 {[%clk 0:12:34]} Bf5 {[%clk 0:12:01]} 16. d4
{[%clk 0:10:51]} Nd3 {[%clk 0:12:07]} 17. Bc2 {[%clk 0:09:01]} b5
{[%clk 0:06:26]} 18. Bxd3 {[%clk 0:06:10]} Bxd3 {[%clk 0:06:34]} 19. Rfe1
{[%clk 0:06:19]} g5 {[%clk 0:05:55]} 20. Bg3 {[%clk 0:06:19]} a5 {[%clk 0:05:35]}
21. Na4 {[%clk 0:04:18]} Bg6 {[%clk 0:05:17]} 22. Nc5 {[%clk 0:04:05]} Bxd4
{[%clk 0:05:10]} 23. Ne6 {[%clk 0:02:30]} fxe6 {[%clk 0:04:35]} 24. Rxe6
{[%clk 0:02:38]} Bf5 {[%clk 0:04:05]} 25. Rxh6 {[%clk 0:02:39]} Qxd5
{[%clk 0:03:44]} 26. Rd1 {[%clk 0:02:26]} Rad8 {[%clk 0:02:47]} 27. Kh1
{[%clk 0:01:05]} Qf7 {[%clk 0:01:39]} 28. Qxa5 {[%clk 0:00:54]} Rd5
{[%clk 0:01:27]} 29. h3 {[%clk 0:00:38]} Qg7 {[%clk 0:01:17]} 30. Ra6
{[%clk 0:00:37]} Bc3 {[%clk 0:01:16]} 31. Rxd5 {[%clk 0:00:44]} Bxa5
{[%clk 0:01:24]} 32. Rxf5 {[%clk 0:00:53]} Bd2 {[%clk 0:01:25]} 33. Be5
{[%clk 0:00:34]} Qh7 {[%clk 0:01:33]} 34. Rf3 {[%clk 0:00:17]} Rf8
{[%clk 0:01:31]} 35. Rg3 {[%clk 0:00:11]} Rxf2 {[%clk 0:01:22]} 36. Kh2
{[%clk 0:00:20]} Qf5 {[%clk 0:01:25]} 37. Bd4 {[%clk 0:00:23]} Rf1
{[%clk 0:01:24]} 0-1